<?xml version="1.0" encoding="UTF-8"?>
<record
    xmlns:xsi="http://www.w3.org/2001/XMLSchema-instance"
    xsi:schemaLocation="http://www.loc.gov/MARC21/slim http://www.loc.gov/standards/marcxml/schema/MARC21slim.xsd"
    xmlns="http://www.loc.gov/MARC21/slim">

  <leader>00749nam a22002297a 4500</leader>
  <controlfield tag="001">85181</controlfield>
  <controlfield tag="003">BD-RjUL</controlfield>
  <controlfield tag="005">20250712163422.0</controlfield>
  <controlfield tag="008">250712s2000    new||||| e||| 00| 0 eng d</controlfield>
  <datafield tag="035" ind1=" " ind2=" ">
    <subfield code="a">(BD-RjUL)85181</subfield>
  </datafield>
  <datafield tag="040" ind1=" " ind2=" ">
    <subfield code="a">BD-RjUL</subfield>
    <subfield code="b">eng</subfield>
    <subfield code="c">BD-RjUL</subfield>
    <subfield code="d">DLC</subfield>
    <subfield code="e">DLC</subfield>
  </datafield>
  <datafield tag="041" ind1=" " ind2=" ">
    <subfield code="a">eng</subfield>
  </datafield>
  <datafield tag="082" ind1=" " ind2=" ">
    <subfield code="2">23</subfield>
    <subfield code="a">503</subfield>
    <subfield code="b">INT 2000</subfield>
  </datafield>
  <datafield tag="245" ind1=" " ind2=" ">
    <subfield code="a">Intenational Encyclopadia of Science and Technology Education,</subfield>
    <subfield code="c">Editor, Digumarti Bhaskara Rao</subfield>
  </datafield>
  <datafield tag="300" ind1=" " ind2=" ">
    <subfield code="a">344 page.</subfield>
    <subfield code="c">10 cm.</subfield>
  </datafield>
  <datafield tag="336" ind1=" " ind2=" ">
    <subfield code="2">Discovery Publishing House New Delhi</subfield>
  </datafield>
  <datafield tag="337" ind1=" " ind2=" ">
    <subfield code="2">isbn 81-7141-548-2 (set)</subfield>
  </datafield>
  <datafield tag="505" ind1=" " ind2=" ">
    <subfield code="a">Volume-1, 2, 3, 4, 5, 6, 7, 8, 9, 10, 11, </subfield>
  </datafield>
  <datafield tag="650" ind1=" " ind2=" ">
    <subfield code="a">Encyclopadia</subfield>
    <subfield code="v">Technology Education,</subfield>
    <subfield code="9">15991</subfield>
  </datafield>
  <datafield tag="700" ind1=" " ind2=" ">
    <subfield code="a">Rao, Digumarti Bhaskara Rao, Editor </subfield>
    <subfield code="9">15992</subfield>
  </datafield>
  <datafield tag="942" ind1=" " ind2=" ">
    <subfield code="2">ddc</subfield>
    <subfield code="c">BK</subfield>
  </datafield>
  <datafield tag="999" ind1=" " ind2=" ">
    <subfield code="c">85181</subfield>
    <subfield code="d">85181</subfield>
  </datafield>
  <datafield tag="952" ind1=" " ind2=" ">
    <subfield code="0">0</subfield>
    <subfield code="1">0</subfield>
    <subfield code="2">ddc</subfield>
    <subfield code="4">0</subfield>
    <subfield code="7">1</subfield>
    <subfield code="a">RUCL</subfield>
    <subfield code="b">RUCL</subfield>
    <subfield code="c">REF</subfield>
    <subfield code="d">2005-10-06</subfield>
    <subfield code="e">Dhaka Paragon Enterprises Litd</subfield>
    <subfield code="l">0</subfield>
    <subfield code="o">R 503 INT 2000 V-7</subfield>
    <subfield code="r">2025-07-12 00:00:00</subfield>
    <subfield code="t">C-1</subfield>
    <subfield code="w">2025-07-12</subfield>
    <subfield code="y">BK</subfield>
  </datafield>
  <datafield tag="952" ind1=" " ind2=" ">
    <subfield code="0">0</subfield>
    <subfield code="1">0</subfield>
    <subfield code="2">ddc</subfield>
    <subfield code="4">0</subfield>
    <subfield code="7">1</subfield>
    <subfield code="a">RUCL</subfield>
    <subfield code="b">RUCL</subfield>
    <subfield code="c">REF</subfield>
    <subfield code="d">2005-10-06</subfield>
    <subfield code="e">Dhaka Paragon Enterprises Litd</subfield>
    <subfield code="l">0</subfield>
    <subfield code="o">R 503 INT 2000 V-6</subfield>
    <subfield code="r">2025-07-12 00:00:00</subfield>
    <subfield code="t">C-1</subfield>
    <subfield code="w">2025-07-12</subfield>
    <subfield code="y">BK</subfield>
  </datafield>
  <datafield tag="952" ind1=" " ind2=" ">
    <subfield code="0">0</subfield>
    <subfield code="1">0</subfield>
    <subfield code="2">ddc</subfield>
    <subfield code="4">0</subfield>
    <subfield code="7">1</subfield>
    <subfield code="a">RUCL</subfield>
    <subfield code="b">RUCL</subfield>
    <subfield code="c">REF</subfield>
    <subfield code="d">2005-10-06</subfield>
    <subfield code="e">Dhaka Paragon Enterprises Litd</subfield>
    <subfield code="l">0</subfield>
    <subfield code="o">R 503 INT 2000 V-5</subfield>
    <subfield code="r">2025-07-12 00:00:00</subfield>
    <subfield code="t">C-1</subfield>
    <subfield code="w">2025-07-12</subfield>
    <subfield code="y">BK</subfield>
  </datafield>
  <datafield tag="952" ind1=" " ind2=" ">
    <subfield code="0">0</subfield>
    <subfield code="1">0</subfield>
    <subfield code="2">ddc</subfield>
    <subfield code="4">0</subfield>
    <subfield code="7">1</subfield>
    <subfield code="a">RUCL</subfield>
    <subfield code="b">RUCL</subfield>
    <subfield code="c">REF</subfield>
    <subfield code="d">2005-10-06</subfield>
    <subfield code="e">Dhaka Paragon Enterprises Litd</subfield>
    <subfield code="l">0</subfield>
    <subfield code="o">R 503 INT 2000 V-3</subfield>
    <subfield code="r">2025-07-12 00:00:00</subfield>
    <subfield code="t">C-1</subfield>
    <subfield code="w">2025-07-12</subfield>
    <subfield code="y">BK</subfield>
  </datafield>
  <datafield tag="952" ind1=" " ind2=" ">
    <subfield code="0">0</subfield>
    <subfield code="1">0</subfield>
    <subfield code="2">ddc</subfield>
    <subfield code="4">0</subfield>
    <subfield code="7">1</subfield>
    <subfield code="a">RUCL</subfield>
    <subfield code="b">RUCL</subfield>
    <subfield code="c">REF</subfield>
    <subfield code="d">2005-10-06</subfield>
    <subfield code="e">Dhaka Paragon Enterprises Litd</subfield>
    <subfield code="l">0</subfield>
    <subfield code="o">R 503 INT 2000 V-2</subfield>
    <subfield code="r">2025-07-12 00:00:00</subfield>
    <subfield code="t">C-1</subfield>
    <subfield code="w">2025-07-12</subfield>
    <subfield code="y">BK</subfield>
  </datafield>
  <datafield tag="952" ind1=" " ind2=" ">
    <subfield code="0">0</subfield>
    <subfield code="1">0</subfield>
    <subfield code="2">ddc</subfield>
    <subfield code="4">0</subfield>
    <subfield code="7">1</subfield>
    <subfield code="a">RUCL</subfield>
    <subfield code="b">RUCL</subfield>
    <subfield code="c">REF</subfield>
    <subfield code="d">2005-10-06</subfield>
    <subfield code="e">Dhaka Paragon Enterprises Litd</subfield>
    <subfield code="l">0</subfield>
    <subfield code="o">R 503 INT 2000 V-11</subfield>
    <subfield code="r">2025-07-12 00:00:00</subfield>
    <subfield code="t">C-1</subfield>
    <subfield code="w">2025-07-12</subfield>
    <subfield code="y">BK</subfield>
  </datafield>
  <datafield tag="952" ind1=" " ind2=" ">
    <subfield code="0">0</subfield>
    <subfield code="1">0</subfield>
    <subfield code="2">ddc</subfield>
    <subfield code="4">0</subfield>
    <subfield code="7">1</subfield>
    <subfield code="a">RUCL</subfield>
    <subfield code="b">RUCL</subfield>
    <subfield code="c">REF</subfield>
    <subfield code="d">2005-10-06</subfield>
    <subfield code="e">Dhaka Paragon Enterprises Litd</subfield>
    <subfield code="l">0</subfield>
    <subfield code="o">R 503 INT 2000 V-9</subfield>
    <subfield code="r">2025-07-12 00:00:00</subfield>
    <subfield code="t">C-1</subfield>
    <subfield code="w">2025-07-12</subfield>
    <subfield code="y">BK</subfield>
  </datafield>
  <datafield tag="952" ind1=" " ind2=" ">
    <subfield code="0">0</subfield>
    <subfield code="1">0</subfield>
    <subfield code="2">ddc</subfield>
    <subfield code="4">0</subfield>
    <subfield code="7">1</subfield>
    <subfield code="a">RUCL</subfield>
    <subfield code="b">RUCL</subfield>
    <subfield code="c">REF</subfield>
    <subfield code="d">2005-10-06</subfield>
    <subfield code="e">Dhaka Paragon Enterprises Litd</subfield>
    <subfield code="l">0</subfield>
    <subfield code="o">R 503 INT 2000 V-8</subfield>
    <subfield code="r">2025-07-12 00:00:00</subfield>
    <subfield code="t">C-1</subfield>
    <subfield code="w">2025-07-12</subfield>
    <subfield code="y">BK</subfield>
  </datafield>
  <datafield tag="952" ind1=" " ind2=" ">
    <subfield code="0">0</subfield>
    <subfield code="1">0</subfield>
    <subfield code="2">ddc</subfield>
    <subfield code="4">0</subfield>
    <subfield code="7">1</subfield>
    <subfield code="a">RUCL</subfield>
    <subfield code="b">RUCL</subfield>
    <subfield code="c">REF</subfield>
    <subfield code="d">2005-10-06</subfield>
    <subfield code="e">Dhaka Paragon Enterprises Litd</subfield>
    <subfield code="l">0</subfield>
    <subfield code="o">R 503 INT 2000 V-1</subfield>
    <subfield code="r">2025-07-12 00:00:00</subfield>
    <subfield code="t">C-1</subfield>
    <subfield code="w">2025-07-12</subfield>
    <subfield code="y">BK</subfield>
  </datafield>
  <datafield tag="952" ind1=" " ind2=" ">
    <subfield code="0">0</subfield>
    <subfield code="1">0</subfield>
    <subfield code="2">ddc</subfield>
    <subfield code="4">0</subfield>
    <subfield code="7">1</subfield>
    <subfield code="a">RUCL</subfield>
    <subfield code="b">RUCL</subfield>
    <subfield code="c">REF</subfield>
    <subfield code="d">2005-10-06</subfield>
    <subfield code="e">Dhaka Paragon Enterprises Litd</subfield>
    <subfield code="l">0</subfield>
    <subfield code="o">R 503 INT 2000 V-4</subfield>
    <subfield code="r">2025-07-12 00:00:00</subfield>
    <subfield code="t">C-1</subfield>
    <subfield code="w">2025-07-12</subfield>
    <subfield code="y">BK</subfield>
  </datafield>
  <datafield tag="952" ind1=" " ind2=" ">
    <subfield code="0">0</subfield>
    <subfield code="1">0</subfield>
    <subfield code="2">ddc</subfield>
    <subfield code="4">0</subfield>
    <subfield code="7">1</subfield>
    <subfield code="a">RUCL</subfield>
    <subfield code="b">RUCL</subfield>
    <subfield code="c">REF</subfield>
    <subfield code="d">2005-10-06</subfield>
    <subfield code="e">Dhaka Paragon Enterprises Litd</subfield>
    <subfield code="l">0</subfield>
    <subfield code="o">R 503 INT 2000 V-10</subfield>
    <subfield code="r">2025-07-12 00:00:00</subfield>
    <subfield code="t">C-1</subfield>
    <subfield code="w">2025-07-12</subfield>
    <subfield code="y">BK</subfield>
  </datafield>
</record>
